000 01711nam a2200469Ii 4500
001 DIGICB0235
003 NyNyDIG
006 m o d
007 cr |||||||||||
008 220815s2012 sp ob 000 0 spa d
035 _a(OCoLC)1350506758
040 _aDGITA
_beng
_erda
_epn
_cDGITA
020 _a9788490219850
_qpdf
020 _z9788490210611
050 1 4 _aHF5548.85 ebook
082 0 4 _a158.7
245 0 0 _aAnálisis de los riesgos psicosociales :
_bel estrés y el síndrome de bournout /
_ccoordinadora de la obra, Paloma Ramos Ramos.
246 3 0 _aEstrés y el síndrome de bournout
246 3 _aEstrés y el síndrome de burnout
250 _a2a. edición.
264 1 _aMálaga, España :
_bICB Editores,
_c[2012]
300 _a1 online resource.
336 _atext
_btxt
_2rdacontent
337 _acomputer
_bc
_2rdamedia
338 _aonline resource
_bcr
_2rdacarrier
347 _atext file
_2rdaft
347 _bPDF
500 _a"Incluye solucionario"--Cover.
504 _aIncludes bibliographical references.
588 0 _aOnline resource; title from PDF title page (Digitalia, viewed August 15, 2022)
650 0 _aJob stress.
650 0 _aStress (Psychology)
650 0 _aBurn out (Psychology)
655 0 _aElectronic books.
700 1 _aRamos Ramos, Paloma,
_eeditor.
791 2 _aDigitalia (Firm),
_edistributor.
793 0 _gDigitalia eBook Collection:
_aICB Editores
776 0 8 _iPrint version:
_tAnálisis de los riesgos psicosociales.
_dMálaga, España : ICB Editores, [2012]
_z9788490210611
856 4 0 _3Digitalia Hispánica
_uhttps://www.digitaliapublishing.com/a/109379/
910 _aPremium collection: 2022
942 _cRAA
999 _c271976
_d271976